000 00337nam a2200133Ia 4500
008 260604s9999 xx 000 0 und d
020 _a9789351502838
082 _a158.1 MIL
100 _aLeslie a miller
_935899
245 0 _aPsychological Testing: A Practical Approach
260 _bSAGE
500 _aPsychology, Testing
942 _cBK
999 _c8738
_d8738